000 00304nam a22001337a 4500
003 SGT
082 _a615.321
_bG15S
100 _aSINGH, THAKUR BALWANT
245 _aGLOSSORY OF VEGETABLE DRUGS IN BRHATTRAY
260 _aVARANASI
_bCHAUKHAMBHA
_c2015
300 _a544
650 _aDRUGS
942 _2ddc
_cBK
999 _c8525
_d8525